Assessment of natural and induced genetic variation in Alstroemeria using random amplified polymorphic DNA (RAPD) markers (Record no. 54544)

MARC details
000 -LEADER
fixed length control field 00532nam a2200181Ia 4500
100 ## - MAIN ENTRY--AUTHOR NAME
Personal name Anastassopoulos S
245 #0 - TITLE STATEMENT
Title Assessment of natural and induced genetic variation in Alstroemeria using random amplified polymorphic DNA (RAPD) markers
260 ## - PUBLICATION, DISTRIBUTION, ETC. (IMPRINT)
Name of publisher Euphytica
Year of publication 1996
300 ## - PHYSICAL DESCRIPTION
Number of Pages 235-244
650 ## - SUBJECT ADDED ENTRY--TOPICAL TERM
Topical Term Alstroemeria
650 ## - SUBJECT ADDED ENTRY--TOPICAL TERM
Topical Term Alstromeria
650 ## - SUBJECT ADDED ENTRY--TOPICAL TERM
Topical Term Genetic fingerprinting
650 ## - SUBJECT ADDED ENTRY--TOPICAL TERM
Topical Term RAPD
650 ## - SUBJECT ADDED ENTRY--TOPICAL TERM
Topical Term Somaclonal variation
700 ## - ADDED ENTRY--PERSONAL NAME
Personal name Keli M
942 ## - ADDED ENTRY ELEMENTS (KOHA)
Koha item type Journals
Holdings
Withdrawn status Lost status Damaged status Not for loan Home library Current library Shelving location Date acquired Serial Enumeration / chronology Koha item type
      Journals RRII Library RRII Library RAPD 17/12/2021 Volume 90, Issue 2 Journals